000 00447nam a2200181Ia 4500
005 20250423101115.0
008 250422s9999 xx 000 0 und d
020 _a978-159726-675-8
050 _aQH541.5.R27T46/
100 _aDominick A. DellaSala
245 0 _aTemperate and Border Rainforests of the World
260 _aWashington DC
260 _bIsland Press
260 _c2011
300 _a294 p
650 _aEcology
942 _cBK
999 _c35310
_d35310